000 00439nam a2200205Ia 4500
001 13878
003 GE_BSU
008 181216s||||||||xx |||||||||||||| ||und||
020 _a0330490494
040 _cGE_BSU
080 _a821.111-3
100 _aDickinson,Margaret.
245 _aTangled treads.
260 _aLondon.
260 _bPan Books.
260 _c2002
300 _a450p;18cm.
653 _aTangled treads.
942 _cBK
999 _c47022
_d47022